Desarrollo de herramienta de conectividad y asociación de elementos eléctricos en QGIS
Salvato in:
| Autore principale: | |
|---|---|
| Altri autori: | |
| Natura: | Libro |
| Lingua: | Spanish |
| Pubblicazione: |
[San José], Costa Rica
2015
|
| Soggetti: | |
| Tags: |
Aggiungi Tag
Nessun Tag, puoi essere il primo ad aggiungerne!!
|
MARC
| LEADER | 00000nam a22000007a 4500 | ||
|---|---|---|---|
| 003 | 012386 | ||
| 005 | 20230918150147.0 | ||
| 008 | 160630b2015 cr a|||| |||| 00| ||spa d | ||
| 040 | |c cru CEDI | ||
| 090 | |a TFG 7544 | ||
| 100 | |9 519 |a Quesada Gómez, Pablo Adrián, 1989- | ||
| 245 | |a Desarrollo de herramienta de conectividad y asociación de elementos eléctricos en QGIS | ||
| 260 | |a [San José], Costa Rica |c 2015 | ||
| 300 | |a ix, 60 hojas; ilustraciones | ||
| 500 | |a Proyecto de graduación (licenciatura en ingeniería eléctrica)--Universidad de Costa Rica. Facultad de Ingeniería. Escuela de Ingeniería Eléctrica | ||
| 501 | |a Profesor Guía de IE-0499 Proyecto Eléctrico: Dr. Gustavo Valverde Mora | ||
| 651 | |v QGIS (PROGRAMAS PARA COMPUTADORA) |x DISTRIBUCION DE ENERGIA ELECTRICA |x REDES ELECTRICAS |x SISTEMAS DE INFORMACION GEOGRAFICA |9 5162 | ||
| 700 | |9 725 |a Valverde Mora, Gustavo Adolfo, 1983- |d Director de Proyecto Eléctrico | ||
| 942 | |c CEDI | ||
| 999 | |c 16967 |d 16967 | ||
